| 000 | 01072aam a2200385a 44500 | ||
|---|---|---|---|
| 008 | 930106s1983 cat | ||
| 017 | _aB-13053-1983 | ||
| 041 | _acat | ||
| 080 | _a681.81(460.23) | ||
| 100 |
_aBastardes, Glòria _966552 |
||
| 245 | _aInstruments de música tradicionals catalans | ||
| 245 | _cGlòria Bastardes | ||
| 245 | _cMontserrat Garrich | ||
| 245 | _cRicard Casals | ||
| 260 | _aBarcelona | ||
| 260 | _bCaixa de Barcelona | ||
| 260 | _c1983 | ||
| 300 |
_a92 p. _bil. _c20 cm |
||
| 500 | _aApèndix: p.71-76. Bibliografia: p.79-83. Discografia: p.84-87. Índex alfabètic: p.88-90 | ||
| 520 | _aaprox. 275 | ||
| 522 | _aCatalunya | ||
| 591 | _a1119 | ||
| 592 | _aObra terminològica | ||
| 593 | _aUO | ||
| 594 | _a1119 | ||
| 650 |
_ainstruments musicals _961253 |
||
| 700 |
_aCasals, Ricard _962023 |
||
| 700 |
_aGarrich, Montserrat _966553 |
||
| 710 |
_aCaixa de Barcelona _966554 |
||
| 901 | _c<1983> | ||
| 902 | _a930106 | ||
| 942 |
_cMO _n0 |
||
| 999 |
_c55422 _d55422 |
||